[Event "29. Erfurter Schachfestival 2019 - Amat"]
[Site "Erfurt"]
[Date "2019.12.29"]
[Round "6.1"]
[White "Hornung, Richard"]
[Black "Graf, Maria"]
[Result "1/2-1/2"]
[WhiteElo "1656"]
[BlackElo "1525"]
[PlyCount "107"]
[EventDate "2019.12.27"]

1. Nf3 d5 2. d4 Nf6 3. c3 e6 4. g3 Nbd7 5. Bg2 Bd6 6. O-O O-O 7. Re1 c6 8. Qc2
e5 9. dxe5 Nxe5 10. Nxe5 Bxe5 11. Bg5 h6 12. Be3 Re8 13. Nd2 Ng4 14. Bd4 Qf6
15. Nf3 Bxd4 16. cxd4 Bf5 17. Qb3 Qe7 18. h3 Nf6 19. Ne5 Rab8 20. g4 Be4 21. f3
Bh7 22. Rac1 Nd7 23. Nxd7 Qxd7 24. Qc3 Qd6 25. e4 dxe4 26. fxe4 Rbd8 27. Rcd1
Qe6 28. d5 cxd5 29. exd5 Qb6+ 30. Kh1 Qf2 31. Rxe8+ Rxe8 32. Rf1 Qb6 33. b3 Bg6
34. Qg3 Be4 35. Bxe4 Rxe4 36. Qf3 Re7 37. Qf5 Qd6 38. Qc8+ Kh7 39. Qf5+ Kg8 40.
Rc1 g6 41. Qd3 Re5 42. Rd1 Kh7 43. Qd4 a6 44. Qf2 Re7 45. Kg2 Kg7 46. Qd4+ Kg8
47. Rd2 f6 48. Qf2 Kf7 49. Qf3 Rd7 50. Qe3 Qe5 51. Qxe5 fxe5 52. Kf3 Ke7 53.
Ke4 Kd6 54. Rf2 1/2-1/2

[Event "29. Erfurter Schachfestival 2019 - Amat"]
[Site "Erfurt"]
[Date "2019.12.29"]
[Round "6.7"]
[White "Ahmadov, Sabir"]
[Black "Mann, Jasmina"]
[Result "1-0"]
[WhiteElo "1273"]
[BlackElo "1614"]
[PlyCount "63"]
[EventDate "2019.12.27"]

1. e4 d5 2. exd5 Qxd5 3. Nc3 Qa5 4. d4 c6 5. Bc4 Nf6 6. Nge2 Bf5 7. O-O e6 8.
Ng3 Bg6 9. Bf4 Be7 10. Qe2 Nd5 11. Nxd5 cxd5 12. Bd3 Bxd3 13. Qxd3 O-O 14. Nh5
Kh8 15. Be5 f6 16. Bxb8 Raxb8 17. Rae1 e5 18. dxe5 fxe5 19. Rxe5 Bf6 20. Nxf6
Rxf6 21. Rxd5 Qb6 22. Qd4 Qxd4 23. Rxd4 Re6 24. Rfd1 Rbe8 25. g3 h6 26. Rd8 a6
27. Rxe8+ Rxe8 28. Rd7 b5 29. Kf1 Re6 30. b3 Rc6 31. Ra7 Kh7 32. c4 1-0

[Event "29. Erfurter Schachfestival 2019 - Amat"]
[Site "Erfurt"]
[Date "2019.12.30"]
[Round "7.3"]
[White "Lindner, Mario"]
[Black "Lorch, Stephan"]
[Result "0-1"]
[WhiteElo "1705"]
[BlackElo "1495"]
[PlyCount "46"]
[EventDate "2019.12.27"]

1. d4 Nf6 2. c4 g6 3. Nc3 Bg7 4. e4 d6 5. Nf3 O-O 6. Be2 c5 7. O-O cxd4 8. Nxd4
Nc6 9. Be3 Nxd4 10. Bxd4 e5 11. Be3 Be6 12. Rc1 Qe7 13. f3 Rfd8 14. Qe1 Nh5 15.
Nd5 Qd7 16. b3 Bxd5 17. cxd5 f5 18. exf5 gxf5 19. f4 Nxf4 20. Bxf4 exf4 21.
Rxf4 Bh6 22. Qg3+ Qg7 23. Rc3 Bxf4 0-1

[Event "29. Erfurter Schachfestival 2019 - Amat"]
[Site "Erfurt"]
[Date "2019.12.30"]
[Round "7.5"]
[White "Aleanakian, Gabriel"]
[Black "Ahmadov, Sabir"]
[Result "0-1"]
[WhiteElo "1651"]
[BlackElo "1273"]
[PlyCount "46"]
[EventDate "2019.12.27"]

1. Nf3 c5 2. c4 Nf6 3. d4 cxd4 4. Nxd4 Nc6 5. Nc3 g6 6. e4 e5 7. Ndb5 d6 8. Bg5
Be7 9. Bxf6 Bxf6 10. Nxd6+ Kf8 11. Nxc8 Rxc8 12. Qxd8+ Bxd8 13. Be2 Ba5 14. O-O
Bxc3 15. bxc3 Na5 16. Rfd1 Rc7 17. f4 Ke7 18. fxe5 Nxc4 19. Rd4 Nxe5 20. Rc1
Rd8 21. Rd5 Rxd5 22. exd5 Kd6 23. c4 b5 0-1

[Event "29. Erfurter Schachfestival 2019 - Amat"]
[Site "Erfurt"]
[Date "2019.12.30"]
[Round "7.6"]
[White "Siepen, Ralf"]
[Black "Naumann, Thomas"]
[Result "1/2-1/2"]
[WhiteElo "1572"]
[BlackElo "1626"]
[PlyCount "72"]
[EventDate "2019.12.27"]

1. Nf3 d5 2. c4 e6 3. g3 Nf6 4. Bg2 Nbd7 5. O-O d4 6. Nxd4 c5 7. Nf3 Be7 8. b3
O-O 9. Bb2 Qc7 10. d4 Rb8 11. Nc3 h5 12. Nb5 Qb6 13. e3 a6 14. Nc3 Nh7 15. Na4
Qc7 16. Nxc5 Nxc5 17. dxc5 Qxc5 18. Qd4 Qxd4 19. Bxd4 f6 20. Bb6 Bd8 21. Bxd8
Rxd8 22. Rfd1 Rxd1+ 23. Rxd1 Kf7 24. h4 Ke7 25. Ne1 Nf8 26. Nc2 a5 27. Bf3 g6
28. Kf1 Bd7 29. Ke1 b6 30. Nd4 Rc8 31. Rd2 e5 32. Nb5 Bxb5 33. cxb5 Rc1+ 34.
Ke2 Ne6 35. Bc6 Nc5 36. e4 g5 1/2-1/2

[Event "29. Erfurter Schachfestival 2019 - Amat"]
[Site "Erfurt"]
[Date "2019.12.30"]
[Round "7.10"]
[White "Hildebrand, Georg"]
[Black "Schmitt, Hendrik"]
[Result "1/2-1/2"]
[WhiteElo "1489"]
[BlackElo "1091"]
[PlyCount "136"]
[EventDate "2019.12.27"]

1. c4 e6 2. a3 d5 3. Nf3 Nf6 4. Nc3 c5 5. cxd5 exd5 6. d3 Be7 7. g3 O-O 8. Bg2
Nc6 9. O-O Re8 10. e3 Be6 11. Ng5 Rc8 12. Nxe6 fxe6 13. Bh3 Qd6 14. Qc2 d4 15.
Ne4 Nxe4 16. dxe4 d3 17. Qc4 d2 18. Bxe6+ Kh8 19. Rd1 Na5 20. Qc3 dxc1=Q 21.
Raxc1 Qxe6 22. Qxa5 Qb6 23. Qxb6 axb6 24. Rd7 Rb8 25. e5 Bf8 26. f4 Red8 27.
Rcd1 Rxd7 28. Rxd7 b5 29. h4 b4 30. axb4 cxb4 31. b3 Bc5 32. Kf2 b6 33. f5 Re8
34. e6 Kg8 35. h5 g6 36. hxg6 hxg6 37. g4 gxf5 38. gxf5 Rf8 39. Rd5 Kg7 40. Kf3
Kf6 41. e4 Ra8 42. e5+ Kxf5 43. Rd7 Kxe6 44. Rh7 Kxe5 45. Ke2 Kd4 46. Rh3 Ra2+
47. Kd1 Ra8 48. Kc2 Re8 49. Rd3+ Ke4 50. Rd1 Rf8 51. Re1+ Be3 52. Rh1 Rf2+ 53.
Kb1 Kd3 54. Rh7 Kc3 55. Rh3 Re2 56. Ka1 Kxb3 57. Rh1 Ra2+ 58. Kb1 Rb2+ 59. Ka1
Bd4 60. Rh3+ Ka4 61. Ra3+ Kb5 62. Ra2 Rxa2+ 63. Kxa2 Kc4 64. Kb1 Kb3 65. Kc1
Ka2 66. Kc2 b3+ 67. Kd3 b2 68. Kxd4 b1=Q 1/2-1/2